000 00612nam a2200169 i 4500
001 188833
003 ES-MaACL
005 20230906223320.0
007 t|
008 190218s1964 xxk ||||1| spa d
110 2 _aGran Bretaña.
_bCentral Office of Information.
_bReference Division.
_9166342
245 1 4 _aLas nuevas ciudades de Gran Bretaña /
_c[Servicios Británicos de Información].
260 _aLondon :
_bReference Division, Central Office of Information,
_c[1964]
300 _a17 p., [4] p. de fot. ;
_c24 cm.
650 4 _aUrbanismo-
_zGran Bretaña.
_9166352
852 _aES-MaACL
_jP-420-Bis-15
999 _c188833
_d188833